Normal view MARC view

Entry Personal Name

Number of records used in: 1

001 - CONTROL NUMBER

  • control field: 1237168

003 - CONTROL NUMBER IDENTIFIER

  • control field: OSt

005 - DATE AND TIME OF LATEST TRANSACTION

  • control field: 20260430150329.0

008 - FIXED-LENGTH DATA ELEMENTS

  • fixed length control field: 260430|| aca||aabn | a|a d

040 ## - CATALOGING SOURCE

  • Original cataloging agency: OSt
  • Transcribing agency: OSt

100 ## - HEADING--PERSONAL NAME

  • Personal name: Dhunna Kapil Dev Au.; Pradeep Kumar Gu

670 ## - SOURCE DATA FOUND

  • Source citation: Work cat.: (OSt)1849531: Dhunna Kapil Dev Au.; Pradeep Kumar Gu., Comparative study of anthropometric and psychological variables of sprinters middle distance and long-distance athletes of selected level, 2023
Copyright @ Delhi University Library System